00571nam a2200193Ia 450000500170000000800410001708200130005810000170007124500510008825000170013926000550015630000130021165000140022465000130023865000120025194200060026395200950026999900130036420240722050019.0240331s9999 xx 000 0 und d a230bHEN aHeasman, C.R 0aAgenda for the poor claiming their inheritance aC.R. Hensman aColombobThe Centre for Society and Religionc1990 a197 p ., aPolitical aEconomic aCulture cL 001040708LaWERCLbWERCLcSSCd2024-03-31l0o 230 HENp1736r2024-03-31w2024-03-31yL c830d830